Sessió de Recursos Humans : cotitzacions a la Seguretat Social del personal al servei de l'Administració Local cotitzacions a la Seguretat Social del personal al servei de l'Administració Local
Publicado:
Barcelona :
Diputació de Barcelona. Àrea de Govern Local. Servei de Formació Local ,
2006
Descripción Física:
74, [14] f. ; 30 cm
MARC
| LEADER | 00000nam a2200000Ia 4500 | ||
|---|---|---|---|
| 001 | 21016 | ||
| 008 | 160829s2006 xx 000 0 cat d | ||
| 080 | |a S-1-265 | ||
| 245 | |a Sessió de Recursos Humans : |b cotitzacions a la Seguretat Social del personal al servei de l'Administració Local | ||
| 260 | |a Barcelona : |b Diputació de Barcelona. Àrea de Govern Local. Servei de Formació Local, |c 2006 | ||
| 300 | |a 74, [14] f. ; |c 30 cm | ||
| 650 | |a Estimació de la base imposable |9 42074 | ||
| 650 | 0 | |a Administració local |x Barcelona (Catalunya : Província) |9 30797 | |
| 710 | |a Barcelona (Catalunya : Província). |b Servei de Formació Local |9 53659 | ||
| 901 | |a Arxiu | ||
| 942 | |n 1 | ||
| 952 | |0 0 |1 0 |4 0 |6 S1265 |7 1 |9 50649 |a Arxiu |b Arxiu |d 2016-12-01 |l 0 |o S-1-265 |p 21016 |r 2016-12-01 00:00:00 |w 2016-12-01 |y ARXIU | ||
| 999 | |c 54491 |d 54491 | ||